| 000 | 00326nam a2200133 a 4500 | ||
|---|---|---|---|
| 001 | 4746 | ||
| 003 | CDMR | ||
| 005 | 20130116135259.0 | ||
| 008 | 130130s1999||||||||||||||||||||||||||||d | ||
| 040 |
_aCDMR _bcat _cCDMR |
||
| 245 | 0 | _aHenri Cartier-Bresson for press freedom | |
| 260 |
_c1999 _bReporters Sans Frontières |
||
| 942 | _cMON | ||
| 999 |
_c4746 _d4746 |
||